Oil sands, heavy oil & bitumen : (Record no. 18709)
[ view plain ]
| 000 -LEADER | |
|---|---|
| fixed length control field | 00994cam a2200313 a 4500 |
| 001 - CONTROL NUMBER | |
| control field | 17268807 |
| 005 - DATE AND TIME OF LATEST TRANSACTION | |
| control field | 20141203112404.0 |
| 008 - FIXED-LENGTH DATA ELEMENTS--GENERAL INFORMATION | |
| fixed length control field | 120424t2012 xxua frbd 001 0 eng d |
| 010 ## - LIBRARY OF CONGRESS CONTROL NUMBER | |
| LC control number | 2012010934 |
| 020 ## - INTERNATIONAL STANDARD BOOK NUMBER | |
| International Standard Book Number | 9781593702601 |
| 040 ## - CATALOGING SOURCE | |
| Original cataloging agency | DLC |
| Transcribing agency | DLC |
| Modifying agency | EG-ScBUE |
| 082 00 - DEWEY DECIMAL CLASSIFICATION NUMBER | |
| Classification number | 665.4 |
| Edition number | 22 |
| Item number | BAN |
| 100 1# - MAIN ENTRY--PERSONAL NAME | |
| Personal name | Banerjee, Dwijen K. |
| 9 (RLIN) | 36771 |
| 245 10 - TITLE STATEMENT | |
| Title | Oil sands, heavy oil & bitumen : |
| Remainder of title | from recovery to refinery / |
| Statement of responsibility, etc | Dwijen K. Banerjee. |
| 246 3# - VARYING FORM OF TITLE | |
| Title proper/short title | Oil sands, heavey oil, and bitumen |
| 260 ## - PUBLICATION, DISTRIBUTION, ETC. (IMPRINT) | |
| Place of publication, distribution, etc | Tulsa, United States : |
| Name of publisher, distributor, etc | PennWell Corp., |
| Date of publication, distribution, etc | c.2012. |
| 300 ## - PHYSICAL DESCRIPTION | |
| Extent | xvii, 185 p. : |
| Other physical details | ill. ; |
| Dimensions | 24 cm |
| 500 ## - GENERAL NOTE | |
| General note | Glossary : p. 165-168. |
| 500 ## - GENERAL NOTE | |
| General note | Index : p. 173-185. |
| 500 ## - GENERAL NOTE | |
| General note | Includes appendixes. |
| 504 ## - BIBLIOGRAPHY, ETC. NOTE | |
| Bibliography, etc | Bibliography : p. 169-170. |
| 650 #0 - SUBJECT ADDED ENTRY--TOPICAL TERM | |
| Topical term or geographic name as entry element | Oil sands |
| 9 (RLIN) | 36772 |
| 650 #0 - SUBJECT ADDED ENTRY--TOPICAL TERM | |
| Topical term or geographic name as entry element | Heavy oil |
| 9 (RLIN) | 24669 |
| 650 #0 - SUBJECT ADDED ENTRY--TOPICAL TERM | |
| Topical term or geographic name as entry element | Bitumen |
| 9 (RLIN) | 36773 |
| 650 #0 - SUBJECT ADDED ENTRY--TOPICAL TERM | |
| Topical term or geographic name as entry element | Enhanced oil recovery |
| 9 (RLIN) | 28476 |
| 653 ## - INDEX TERM--UNCONTROLLED | |
| Resource For college | Engineering, General |
| -- | Engineering, Petroleum |
| Arrived date list | December2014 |
| 655 ## - INDEX TERM--GENRE/FORM | |
| Form subdivision | |
| -- | 34232 |
| 942 ## - ADDED ENTRY ELEMENTS (KOHA) | |
| Source of classification or shelving scheme | Dewey Decimal Classification |
| Call number prefix | 665.4 BAN |
| Withdrawn status | Item status | Source of classification or shelving scheme | Damaged status | Not for loan | Vendor | Home library | Current library | Shelving location | Date acquired | Source of acquisition | Cost, normal purchase price | Serial Enumeration / chronology | Total Checkouts | Full call number | Barcode | Date last seen | Cost, replacement price | Koha item type |
|---|---|---|---|---|---|---|---|---|---|---|---|---|---|---|---|---|---|---|
| Dewey Decimal Classification | Baccah | Central Library | Central Library | First floor | 03/12/2014 | 445.00 | 20677 | 665.4 BAN | 000037091 | 15/07/2025 | 556.25 | Book - Borrowing |